Library Banner

Ghussah [anger, how to control your anger before it controls you] (Record no. 66825)

MARC details
000 -LEADER
fixed length control field 00561nam a2200193Ia 4500
001 - CONTROL NUMBER
control field 64781
008 - FIXED-LENGTH DATA ELEMENTS--GENERAL INFORMATION
fixed length control field 150303s9999 xx 000 0 und d
020 ## - INTERNATIONAL STANDARD BOOK NUMBER
International Standard Book Number NA
040 ## - CATALOGING SOURCE
Transcribing agency PK-LaUMT
082 ## - DEWEY DECIMAL CLASSIFICATION NUMBER
Classification number 152.47
Item number ALL-A
100 ## - MAIN ENTRY--PERSONAL NAME
Personal name Allice, Albert
245 ## - TITLE STATEMENT
Title Ghussah [anger, how to control your anger before it controls you]
Statement of responsibility, etc Allice, Albert|Tarret, Raymund Chip|Tahir Mansoor Farooqi
260 ## - PUBLICATION, DISTRIBUTION, ETC. (IMPRINT)
Place of publication, distribution, etc Lahore,Pakistan:
Name of publisher, distributor, etc Takhleqaat,
Date of publication, distribution, etc 2012
300 ## - PHYSICAL DESCRIPTION
Extent 247 p.
546 ## - LANGUAGE NOTE
Language note UR
700 ## - ADDED ENTRY--PERSONAL NAME
Personal name Tarret, Raymund Chip
700 ## - ADDED ENTRY--PERSONAL NAME
Personal name Tahir Mansoor Farooqi
942 ## - ADDED ENTRY ELEMENTS (KOHA)
Koha item type Books
Holdings
Withdrawn status Lost status Damaged status Not for loan Home library Current library Date acquired Total Checkouts Total Renewals Full call number Barcode Date last seen Date checked out Price effective from Koha item type
        UMT Main Campus UMT Main Campus 2015-03-03 7 1 152.47 ALL-A 88417 2020-02-18 2020-02-10 2015-03-03 Books